000 00880cam a2200289Ia 4500
020 _a0026481448 (student ed.)
020 _a9780026481441 (student ed.)
020 _a0026481456 (teacher's wraparound ed.)
020 _a9780026481458 (teacher's wraparound ed.)
020 _a0026481472 (student workbook)
020 _a9780026481472 (student workbook)
040 _cUUW
082 4 _a646 GLE 2000 A106 Or.
100 1 _aGlosson, Linda Ruth Cox
245 1 0 _aCreative living /
250 _a7th ed., 1 teacher's wraparound ed
260 _aNew York :
_bGlencoe/McGraw-Hill,
_cc2000
300 _aTM32, 768 p. :
_bcol. ill. ;
_c27 cm
500 _aIncludes index
650 0 _aHome economics
650 0 _aFamily life education
650 0 _aLife skills
700 1 _aMeek, Janis P
700 1 _aSmock, Linda G
710 2 _aGlencoe/McGraw-Hill
942 _cEK
999 _c16605
_d16605